| 000 | 00365cam a22001097a 4500 | ||
|---|---|---|---|
| 008 | 180718b xxu||||| |||| 00| 0 eng d | ||
| 082 | _aW51x54 | ||
| 245 |
_aOur merchant navy _cby Ministry of Information and Broadcasting, India |
||
| 260 |
_aDelhi _bMinistry of Information and Broadcasting _c |
||
| 300 | _a23p. | ||
| 700 | _aIndia. Ministry of Information and Broadcasting | ||
| 999 |
_c498592 _d498592 |
||